| 000 | 00528nam a2200193Ia 4500 | ||
|---|---|---|---|
| 003 | IN-BaIIA | ||
| 008 | 211028s9999 xx 000 0 eng d | ||
| 020 | _a90-277-0514-3 | ||
| 040 | _cIIA Library | ||
| 080 |
_a524.834 _bPAP |
||
| 100 |
_aPapapetrou, Achille _98587 |
||
| 245 | 0 |
_aLectures on general relativity _cA. Papapetrou |
|
| 260 |
_aDordrecht _bD. Reidel Publishing _c1974 |
||
| 300 | _aix, 203p. | ||
| 650 | _a General theory of relativity | ||
| 650 | _a Relativity | ||
| 650 | _aNASA thesaurus | ||
| 942 | _cBK | ||
| 999 |
_c4822 _d4822 |
||